000 00526nam a22001937a 4500
003 OSt
005 20170224150939.0
008 170224b xxu||||| |||| 00| 0 eng d
020 _a0521564573
040 _cDDC.
082 _a530HEY 2003.
100 _aHey,Tony;
_911665
245 _aThe New Quantum Universe.
260 _aCambridge;
_bCambridge university Press.
_c2003.
300 _axv,357p;
_bcol,ill;
_c26cm.
504 _aincludes Glossary ,Photo-Credit and index.
650 _aPhysics.
_9809
942 _2ddc
_cO_SHELF
999 _c5583
_d5583